[Event "41 Indiv. Ch. Greece-Men U20 "]
[Site "?"]
[Date "2009.01.06"]
[Round "7.7"]
[White "Stathopoulos, Ioannis"]
[Black "Panagiotakos, Nikolaos"]
[Result "0-1"]
[WhiteElo "1799"]
[BlackElo "2145"]
[PlyCount "76"]
[EventDate "2009.01.02"]

1. c4 e5 2. Nc3 Nc6 3. Nf3 g6 4. g3 Bg7 5. Bg2 d6 6. O-O f5 7. d3 Nf6 8. Rb1 a5
9. a3 O-O 10. b4 axb4 11. axb4 h6 12. b5 Ne7 13. Qb3 Be6 14. Ba3 Qd7 15. Qb4
Rae8 16. c5 Nfd5 17. Nxd5 Nxd5 18. Qb2 f4 19. cxd6 cxd6 20. Nd2 e4 21. d4 e3
22. Nc4 exf2+ 23. Rxf2 fxg3 24. Rxf8+ Rxf8 25. hxg3 Nf4 26. gxf4 Bxc4 27. e3
Qe6 28. Qd2 Bd5 29. e4 Bxe4 30. Re1 Qb3 31. Bxd6 Bxg2 32. Bxf8 Bd5 33. Re3 Qb1+
34. Re1 Qf5 35. Bc5 Qg4+ 36. Kh2 Qh4+ 37. Kg1 Qh1+ 38. Kf2 Qg2+ 0-1

[Event "41 Indiv. Ch. Greece-Men U20 "]
[Site "?"]
[Date "2009.01.06"]
[Round "7.8"]
[White "Papadopoulos, Nikolaos"]
[Black "Malamatas, Konstantinos"]
[Result "1-0"]
[WhiteElo "2129"]
[BlackElo "1968"]
[PlyCount "67"]
[EventDate "2009.01.02"]

1. e4 c5 2. Nf3 d6 3. d4 cxd4 4. Nxd4 Nf6 5. Nc3 g6 6. Be3 Bg7 7. f3 Nc6 8. Qd2
O-O 9. Bc4 Bd7 10. O-O-O Rc8 11. Bb3 Na5 12. g4 Nc4 13. Bxc4 Rxc4 14. h4 h5 15.
Bh6 Bxh6 16. Qxh6 Bxg4 17. fxg4 Nxg4 18. Qd2 Qa5 19. Rhf1 Rfc8 20. Kb1 Qd8 21.
Qf4 Qe8 22. Qg5 R8c5 23. Nd5 f6 24. Qd2 e5 25. Nb3 Rxc2 26. Qd3 Rc8 27. Nxf6+
Nxf6 28. Rxf6 Rg2 29. Nd2 Qa4 30. Qb3+ Qxb3 31. axb3 d5 32. exd5 e4 33. Nxe4
Rcc2 34. Rxg6+ 1-0

[Event "41 Indiv. Ch. Greece-Men U20 "]
[Site "?"]
[Date "2009.01.06"]
[Round "7.9"]
[White "Xylogiannopoulos, Antonios"]
[Black "Bellos, Ioannis"]
[Result "1-0"]
[WhiteElo "1964"]
[BlackElo "1638"]
[PlyCount "63"]
[EventDate "2009.01.02"]

1. e4 e5 2. Nf3 Nc6 3. Bc4 Bc5 4. Nc3 Nf6 5. d3 d6 6. Bg5 h6 7. Bxf6 Qxf6 8.
Nd5 Qd8 9. c3 Ne7 10. d4 exd4 11. cxd4 Bb6 12. h3 Be6 13. Nxb6 axb6 14. Bxe6
fxe6 15. Qb3 d5 16. exd5 exd5 17. O-O O-O 18. Rfe1 Nc6 19. Rad1 Kh8 20. Re2 Qd6
21. Ne5 Rad8 22. Qg3 Rf6 23. Qg4 Rdf8 24. Rde1 Kg8 25. g3 Qb4 26. Nd7 Nxd4 27.
Nxf6+ Rxf6 28. Re8+ Kh7 29. R1e7 Rg6 30. Qc8 Rf6 31. Rh8+ Kg6 32. Qg4# 1-0

[Event "41 Indiv. Ch. Greece-Men U20 "]
[Site "?"]
[Date "2009.01.06"]
[Round "7.10"]
[White "Kafetzis, Georgios"]
[Black "Tsiropoulas, Apostolos"]
[Result "0-1"]
[WhiteElo "1866"]
[BlackElo "1994"]
[PlyCount "148"]
[EventDate "2009.01.02"]

1. e4 e6 2. d4 d5 3. Nd2 Nf6 4. e5 Nfd7 5. c3 c5 6. Bd3 cxd4 7. cxd4 Nc6 8. Ne2
f6 9. exf6 Nxf6 10. Nf3 Qc7 11. O-O Bd6 12. Bg5 O-O 13. Bh4 Bd7 14. Bg3 Rae8
15. Rc1 Bxg3 16. hxg3 Qd6 17. Qb3 Ng4 18. Nf4 g5 19. Nxg5 Rxf4 20. Rxc6 Bxc6
21. gxf4 Qxf4 22. Nf3 Rf8 23. Qc2 e5 24. dxe5 d4 25. Bc4+ Kg7 26. Qc1 Bxf3 27.
Qxf4 Rxf4 28. gxf3 Nxe5 29. Bd5 b5 30. Rd1 Kf6 31. Kf1 h5 32. Ke2 h4 33. Rh1 a5
34. Be4 Ke7 35. Rg1 Kf6 36. Rg8 Nf7 37. Rg6+ Ke5 38. Rc6 Nd6 39. Rc5+ Ke6 40.
Bd3 Rf6 41. Rh5 Rf4 42. Bxb5 Nxb5 43. Rxb5 Rf5 44. Rb6+ Kf7 45. Rh6 Rf4 46. Rh5
a4 47. b3 axb3 48. axb3 Kg6 49. Rh8 Kg7 50. Rc8 h3 51. Rc1 Kf6 52. Rh1 Rh4 53.
Rh2 Ke5 54. Kd3 Kd5 55. f4 Rh8 56. f5 Rb8 57. Kc2 Rc8+ 58. Kd2 Rc3 59. b4 Ke5
60. b5 Kxf5 61. b6 Kg4 62. b7 Rb3 63. b8=Q Rxb8 64. Kd3 Rd8 65. Rh1 Rf8 66.
Rg1+ Kh4 67. Kxd4 h2 68. Rg7 Rxf2 69. Rh7+ Kg3 70. Ke3 Rf3+ 71. Ke2 Rf4 72.
Rg7+ Rg4 73. Rh7 Rh4 74. Rg7+ Kh3 0-1

[Event "41 Indiv. Ch. Greece-Men U20 "]
[Site "?"]
[Date "2009.01.05"]
[Round "6.1"]
[White "Aggelis, Nikolaos"]
[Black "Kanakaris, Georgios"]
[Result "0-1"]
[WhiteElo "2301"]
[BlackElo "2359"]
[PlyCount "110"]
[EventDate "2009.01.02"]

1. d4 Nf6 2. g3 g6 3. Bg2 Bg7 4. e4 d6 5. Nc3 Nbd7 6. Nf3 e5 7. O-O O-O 8. Re1
c6 9. a4 a5 10. b3 exd4 11. Nxd4 Nc5 12. Ba3 Re8 13. Qd2 Qb6 14. Rad1 Bg4 15.
Rb1 Rad8 16. h3 Bc8 17. Rbd1 h5 18. Kh1 Nh7 19. f4 Ne6 20. Nxe6 Bxe6 21. Ne2
Nf6 22. Nd4 Bc8 23. Bb2 Bd7 24. Bc3 Ra8 25. Qd3 d5 26. e5 Ne4 27. Bxe4 dxe4 28.
Qxe4 Bxh3 29. Rd2 Rad8 30. Red1 Bg4 31. Nf3 Be6 32. Rxd8 Rxd8 33. Rxd8+ Qxd8
34. Kh2 Qd1 35. Ne1 Qg4 36. Qg2 h4 37. Nd3 Bd5 38. Qf2 hxg3+ 39. Qxg3 Qh5+ 40.
Kg1 Qh1+ 41. Kf2 Qd1 42. Ne1 Bf8 43. Qh4 Bc5+ 44. Kf1 Bf3 45. Qh2 Bh5 46. Bxa5
Be3 47. Qg2 Bxf4 48. Bc3 Bg4 49. a5 Qd7 50. Qe4 Bh3+ 51. Kf2 Qg4 52. Qf3 Qh4+
53. Kg1 Bh2+ 54. Kh1 Bg4 55. Qf6 Qh3 0-1

[Event "41 Indiv. Ch. Greece-Men U20 "]
[Site "?"]
[Date "2009.01.05"]
[Round "6.2"]
[White "Panagiotakopoulos, Gerasimos"]
[Black "Bizopoulos, Alexandros"]
[Result "1-0"]
[WhiteElo "2096"]
[BlackElo "2146"]
[PlyCount "71"]
[EventDate "2009.01.02"]

1. e4 e5 2. Nf3 Nc6 3. Bc4 Nf6 4. d4 exd4 5. O-O Bc5 6. e5 d5 7. exf6 dxc4 8.
fxg7 Rg8 9. Bg5 Qd5 10. Nc3 Qf5 11. Ne4 Rxg7 12. Nh4 Qxe4 13. Re1 Qxe1+ 14.
Qxe1+ Be6 15. Bf6 Rg8 16. Qe4 Kd7 17. Qxh7 Ne7 18. Rd1 Rad8 19. Bxd4 Kc8 20. c3
Rg4 21. g3 Bxd4 22. Rxd4 Rgxd4 23. cxd4 Rxd4 24. Qc2 b5 25. Nf3 Bf5 26. Qe2 Re4
27. Qd2 Re6 28. Nd4 Rb6 29. Qg5 f6 30. Qg7 Kd8 31. Nxf5 Nxf5 32. Qg8+ Ke7 33.
Qh7+ Ke6 34. Qxc7 Rd6 35. Qc8+ Ke5 36. Qe8+ 1-0

[Event "41 Indiv. Ch. Greece-Men U20 "]
[Site "?"]
[Date "2009.01.05"]
[Round "6.3"]
[White "Pavlidis, Anastasios"]
[Black "Stathopoulos, Ioannis"]
[Result "1-0"]
[WhiteElo "2371"]
[BlackElo "1799"]
[PlyCount "45"]
[EventDate "2009.01.02"]

1. d4 Nf6 2. c4 e6 3. Nf3 b6 4. g3 Bb7 5. Bg2 Be7 6. Nc3 O-O 7. O-O Ne4 8. Qc2
Nxc3 9. Qxc3 f5 10. b4 Bf6 11. Bb2 c5 12. b5 d5 13. Qc1 dxc4 14. dxc5 Bxb2 15.
Qxb2 bxc5 16. Rfd1 Qb6 17. Qe5 Qxb5 18. Qxe6+ Kh8 19. Ne5 Na6 20. a4 Qe8 21.
Qxe8 Raxe8 22. Bxb7 Rxe5 23. Bxa6 1-0

[Event "41 Indiv. Ch. Greece-Men U20 "]
[Site "?"]
[Date "2009.01.05"]
[Round "6.4"]
[White "Ketzetzis, Georgios"]
[Black "Skoulakis, Charalambos"]
[Result "0-1"]
[WhiteElo "2243"]
[BlackElo "2068"]
[PlyCount "88"]
[EventDate "2009.01.02"]

1. e4 c5 2. Nf3 e6 3. c4 Nc6 4. Nc3 e5 5. Be2 g6 6. d3 Bg7 7. a3 Nge7 8. b4
cxb4 9. axb4 Nxb4 10. Ba3 Qa5 11. Qb3 Na6 12. O-O Nc5 13. Qb5 Qxc3 14. Qxc5 Nc6
15. Qe3 Qa5 16. Bf8 Rxf8 17. Rxa5 Nxa5 18. d4 d6 19. c5 exd4 20. Nxd4 Bxd4 21.
Qxd4 dxc5 22. Qe5+ Be6 23. Bb5+ Nc6 24. Qc7 Bd7 25. Rd1 Rd8 26. Qxb7 Nd4 27.
Bxd7+ Rxd7 28. Qb8+ Ke7 29. Qe5+ Ne6 30. Rxd7+ Kxd7 31. f4 Rc8 32. f5 gxf5 33.
exf5 Nd8 34. Qd5+ Ke7 35. g4 f6 36. Qc4 Rc6 37. h4 h6 38. Kf2 Nf7 39. Qd5 Ne5
40. g5 hxg5 41. hxg5 c4 42. g6 Rd6 43. Qxd6+ Kxd6 44. g7 Ng4+ 0-1

[Event "41 Indiv. Ch. Greece-Men U20 "]
[Site "?"]
[Date "2009.01.05"]
[Round "6.5"]
[White "Stavrianakis, Ioannis"]
[Black "Xylogiannopoulos, Antonios"]
[Result "1/2-1/2"]
[WhiteElo "2214"]
[BlackElo "1964"]
[PlyCount "66"]
[EventDate "2009.01.02"]

1. d4 e6 2. c4 Nf6 3. Nc3 Bb4 4. Qc2 O-O 5. a3 Bxc3+ 6. Qxc3 d6 7. e3 Qe7 8.
Nf3 Nbd7 9. Be2 Ne4 10. Qc2 f5 11. O-O b6 12. Nd2 Bb7 13. f3 Nef6 14. Bd3 g6
15. e4 fxe4 16. Nxe4 Nxe4 17. Bxe4 Bxe4 18. Qxe4 e5 19. Bh6 Rfe8 20. Rae1 Qf7
21. dxe5 Nxe5 22. b3 b5 23. cxb5 Qxb3 24. a4 Qc4 25. Qxc4+ Nxc4 26. Rxe8+ Rxe8
27. Rc1 d5 28. Rd1 Rd8 29. Kf1 Rd7 30. Rd4 Kf7 31. Ke2 Ne5 32. Bg5 Ke6 33. Bf4
c5 1/2-1/2

[Event "41 Indiv. Ch. Greece-Men U20 "]
[Site "?"]
[Date "2009.01.05"]
[Round "6.6"]
[White "Harokopakis, Georgios"]
[Black "Panagiotakos, Nikolaos"]
[Result "1/2-1/2"]
[WhiteElo "1885"]
[BlackElo "2145"]
[PlyCount "134"]
[EventDate "2009.01.02"]

1. e4 e5 2. Nf3 Nc6 3. Bb5 a6 4. Ba4 Nf6 5. O-O Be7 6. Re1 b5 7. Bb3 O-O 8. d3
d6 9. c3 Bb7 10. Nbd2 Re8 11. Ng5 Rf8 12. Ngf3 h6 13. Nf1 Re8 14. a3 Bf8 15.
Ne3 Qd7 16. Nd5 Nxd5 17. Bxd5 Na5 18. Bxb7 Nxb7 19. d4 Rad8 20. b4 exd4 21.
cxd4 c5 22. d5 f5 23. Qd3 fxe4 24. Rxe4 Qf5 25. Re3 Qxd3 26. Rxd3 g5 27. Kf1
Bg7 28. Ra2 Re4 29. Nd2 Re7 30. Nf3 Rde8 31. Re3 Rxe3 32. Bxe3 Bc3 33. Bd2 Bxd2
34. Rxd2 Re4 35. Re2 Rxe2 36. Kxe2 Kf7 37. Ke3 Kf6 38. Ke4 a5 39. bxa5 Nxa5 40.
Nd2 b4 41. axb4 cxb4 42. Kd4 b3 43. Ne4+ Ke7 44. Kc3 g4 45. h3 gxh3 46. gxh3 h5
47. h4 b2 48. Kxb2 Nc4+ 49. Kc3 Ne5 50. Ng3 Nf3 51. Nxh5 Nxh4 52. Kd4 Nf3+ 53.
Ke4 Nd2+ 54. Kf5 Nb1 55. Nf4 Nc3 56. Kg6 Ne4 57. Nd3 Nc3 58. Nb4 Ne2 59. Nc6+
Kd7 60. Kf6 Nc3 61. Nb8+ Kc7 62. Ke6 Kxb8 63. Kxd6 Kc8 64. f4 Kd8 65. Ke6 Ne2
66. f5 Nd4+ 67. Ke5 Nxf5 1/2-1/2

[Event "41 Indiv. Ch. Greece-Men U20 "]
[Site "?"]
[Date "2009.01.05"]
[Round "6.7"]
[White "Papadimitriou, Athanasios"]
[Black "Mihopoulos, Konstantinos"]
[Result "1-0"]
[WhiteElo "2046"]
[BlackElo "1913"]
[PlyCount "69"]
[EventDate "2009.01.02"]

1. Nf3 Nf6 2. g3 d5 3. Bg2 c6 4. d3 Bg4 5. Ne5 Bf5 6. c4 Nbd7 7. Nxd7 Qxd7 8.
cxd5 cxd5 9. Qb3 e6 10. O-O Bd6 11. Nc3 Bg6 12. e4 dxe4 13. dxe4 e5 14. Bg5 O-O
15. Rfd1 Qc6 16. Bxf6 gxf6 17. Nd5 Kg7 18. Rac1 Qd7 19. Qf3 Qe6 20. Bh3 Qxh3
21. Qxf6+ Kg8 22. Qxd6 Qe6 23. Ne7+ Kg7 24. Nxg6 Qxd6 25. Rxd6 hxg6 26. Rc7 b6
27. Rdd7 a6 28. Rb7 Rab8 29. Rxf7+ Rxf7 30. Rxb8 Rf6 31. Rb7+ Kh6 32. Ra7 a5
33. Re7 Kg5 34. Rxe5+ Kg4 35. Kg2 1-0

[Event "41 Indiv. Ch. Greece-Men U20 "]
[Site "?"]
[Date "2009.01.05"]
[Round "6.9"]
[White "Lakafosis, Ioannis"]
[Black "Papadopoulos, Nikolaos"]
[Result "0-1"]
[WhiteElo "1930"]
[BlackElo "2129"]
[PlyCount "96"]
[EventDate "2009.01.02"]

1. Nf3 Nf6 2. g3 d5 3. Bg2 c6 4. c4 Bg4 5. Ne5 Bc8 6. d4 e6 7. Nc3 Be7 8. O-O
O-O 9. e4 dxe4 10. Be3 Nbd7 11. Nxe4 Nxe5 12. dxe5 Nxe4 13. Bxe4 Qc7 14. Bf4
Bd7 15. Qh5 g6 16. Qf3 Rfd8 17. h4 c5 18. h5 Be8 19. b3 Rab8 20. Kg2 Rd4 21.
Kg1 a6 22. Rfd1 Bc6 23. Bxc6 bxc6 24. Be3 Rdd8 25. Kg2 Rbc8 26. Qf4 Bf8 27. Rh1
Bg7 28. hxg6 hxg6 29. Qh4 Qxe5 30. Rae1 Qf5 31. Qh7+ Kf8 32. Bh6 Bxh6 33. Qxh6+
Ke7 34. Qh4+ g5 35. Qh6 Rd3 36. Qg7 Rd2 37. Ref1 Qf6 38. Qh7 g4 39. Qe4 Rd4 40.
Qe2 Rh8 41. Qe3 Rxh1 42. Rxh1 Qf5 43. Rh8 Rd3 44. Qe2 Qf3+ 45. Qxf3 gxf3+ 46.
Kg1 Rd1+ 47. Kh2 Rf1 48. Kh3 Rh1+ 0-1

[Event "41 Indiv. Ch. Greece-Men U20 "]
[Site "?"]
[Date "2009.01.05"]
[Round "6.10"]
[White "Drakakis, Georgios"]
[Black "Chrysomallis, Theodoros"]
[Result "0-1"]
[WhiteElo "1754"]
[BlackElo "1985"]
[PlyCount "120"]
[EventDate "2009.01.02"]

1. e4 e5 2. Nf3 Nc6 3. d4 exd4 4. c3 d5 5. exd5 Qxd5 6. cxd4 Bb4+ 7. Nc3 Nf6 8.
Be2 O-O 9. O-O Bxc3 10. bxc3 h6 11. Bf4 Qd8 12. Qc1 Nd5 13. Bd2 Re8 14. Re1 Bf5
15. a3 Na5 16. Qb2 Nb6 17. Qb5 Qd5 18. Qxd5 Nxd5 19. Bd1 Nc4 20. Bb3 Ndb6 21.
Bf4 c6 22. Ne5 Nxe5 23. Bxe5 Be6 24. Bxe6 Rxe6 25. Bg3 Rae8 26. Rxe6 Rxe6 27.
Kf1 Nc4 28. Bb8 Nd2+ 29. Kg1 a6 30. h3 Re2 31. f3 Nc4 32. Bf4 Rc2 33. Rc1 Nxa3
34. Rxc2 Nxc2 35. Kf1 Na3 36. Ke2 Nc4 37. Kd3 b5 38. d5 cxd5 39. Kd4 a5 40. Kc5
a4 41. Kb4 Kf8 42. Bb8 Ke7 43. Ba7 g6 44. Bd4 Ke6 45. Ba7 h5 46. g3 f5 47. f4
Kd6 48. Bg1 Kc6 49. Bf2 Nd2 50. Bg1 Ne4 51. Bh2 Nf2 52. Bg1 Ne4 53. Bh2 Kb6 54.
Bg1+ Ka6 55. Bh2 Kb6 56. Bg1+ Kc6 57. Bh2 a3 58. Kxa3 Kc5 59. Kb3 Nd2+ 60. Kc2
Nf3 0-1

[Event "41 Indiv. Ch. Greece-Men U20 "]
[Site "?"]
[Date "2009.01.05"]
[Round "5.1"]
[White "Kanakaris, Georgios"]
[Black "Panagiotakopoulos, Gerasimos"]
[Result "1/2-1/2"]
[WhiteElo "2359"]
[BlackElo "2096"]
[PlyCount "85"]
[EventDate "2009.01.02"]

1. d4 d5 2. c4 e6 3. Nc3 c6 4. e3 f5 5. Nf3 Nf6 6. Ne5 Bd6 7. f4 O-O 8. Be2
Nbd7 9. O-O Ne4 10. Nxe4 fxe4 11. Bd2 Nf6 12. c5 Be7 13. b4 Bd7 14. a4 Be8 15.
Rc1 Nd7 16. Nxd7 Qxd7 17. b5 Qc8 18. Qb3 Rb8 19. Rc2 Kh8 20. Bg4 Bg6 21. Be1 h5
22. Bd1 Qe8 23. Rb2 cxb5 24. axb5 b6 25. cxb6 axb6 26. Ra2 Qd7 27. Ra6 Rfc8 28.
Be2 Rc1 29. Bd2 Rxf1+ 30. Kxf1 Qc7 31. Qa4 Bf7 32. Ra7 Rb7 33. Ra8+ Kh7 34. Qd1
g6 35. Ra2 Qc8 36. Rc2 Rc7 37. Rxc7 Qxc7 38. g3 Kg7 39. h3 Qc8 40. Kg2 Be8 41.
Qa4 Qc7 42. h4 Bd7 43. Kf2 1/2-1/2

[Event "41 Indiv. Ch. Greece-Men U20 "]
[Site "?"]
[Date "2009.01.05"]
[Round "5.2"]
[White "Skoulakis, Charalambos"]
[Black "Aggelis, Nikolaos"]
[Result "1/2-1/2"]
[WhiteElo "2068"]
[BlackElo "2301"]
[PlyCount "118"]
[EventDate "2009.01.02"]

1. e4 e5 2. Nf3 Nc6 3. Bb5 a6 4. Bxc6 dxc6 5. Nc3 Qd6 6. d4 exd4 7. Nxd4 c5 8.
Nde2 Qxd1+ 9. Nxd1 Nf6 10. f3 Bd7 11. Bf4 O-O-O 12. Ne3 Be7 13. O-O-O Be6 14.
Rxd8+ Rxd8 15. g4 b5 16. c4 c6 17. h4 Nd7 18. Ng3 Nb6 19. Ngf5 Bf8 20. Rd1 Nxc4
21. Nxc4 Bxc4 22. Bd6 Be2 23. Rd2 Bxf3 24. Bxf8 Rxf8 25. g5 Kc7 26. Nxg7 Bxe4
27. Rf2 Bd5 28. a3 Rd8 29. Kc2 a5 30. Nh5 a4 31. Nf6 Bb3+ 32. Kc3 Rd4 33. h5
Rh4 34. h6 b4+ 35. Kd2 c4 36. axb4 Rh3 37. Ne4 Kb6 38. Ke2 Bc2 39. Nd6 Kc7 40.
Kd2 Kxd6 41. Kxc2 Ke7 42. Rf4 Rg3 43. Rxc4 Rxg5 44. Rxc6 Rg6 45. Rc7+ Ke8 46.
Ra7 Rxh6 47. Rxa4 Rh4 48. Ra8+ Kd7 49. b5 h5 50. Ra7+ Ke6 51. b6 Kd6 52. Rxf7
Kc6 53. b7 Rb4 54. Rh7 Rxb7 55. Rxh5 Rb4 56. Kc3 Rg4 57. b4 Kb6 58. Rh6+ Kb5
59. Rh5+ Kb6 1/2-1/2

[Event "41 Indiv. Ch. Greece-Men U20 "]
[Site "?"]
[Date "2009.01.05"]
[Round "5.3"]
[White "Bizopoulos, Alexandros"]
[Black "Stavrianakis, Ioannis"]
[Result "1/2-1/2"]
[WhiteElo "2146"]
[BlackElo "2214"]
[PlyCount "132"]
[EventDate "2009.01.02"]

1. e4 c5 2. Nf3 d6 3. Nc3 Nf6 4. d4 cxd4 5. Nxd4 a6 6. Bc4 e6 7. O-O Be7 8. Qf3
Qc7 9. Bb3 O-O 10. Qg3 Kh8 11. f4 Nc6 12. Be3 b5 13. a3 Bb7 14. Rae1 Nxd4 15.
Bxd4 Rad8 16. Kh1 Nh5 17. Qg4 Nf6 18. Qg3 Qc6 19. f5 e5 20. Bg1 Qc7 21. Qd3 Bc6
22. Rf2 Qb7 23. Rd2 Rd7 24. Ree2 Kg8 25. Bd5 Bxd5 26. Nxd5 Nxd5 27. Qxd5 Qxd5
28. Rxd5 Rc7 29. g4 Rfc8 30. c3 Rb7 31. Kg2 Kf8 32. Kf3 Rc6 33. Be3 h6 34. Red2
Rc4 35. h3 Ke8 36. Rh2 a5 37. Bd2 Rc5 38. Rd3 Kd7 39. h4 f6 40. Be3 Rc4 41. Rc2
b4 42. axb4 axb4 43. b3 Rxc3 44. Rdxc3 bxc3 45. Rxc3 Bd8 46. Rd3 Rb5 47. Bd2
Kc6 48. b4 Be7 49. Rc3+ Kb7 50. Rd3 Kc6 51. Ra3 d5 52. Ra6+ Kb7 53. Re6 Bxb4
54. Bxb4 dxe4+ 55. Ke3 Rxb4 56. Re7+ Kc6 57. Rxg7 Rb3+ 58. Kxe4 Rb4+ 59. Kd3
Kd5 60. Rd7+ Kc6 61. Rf7 Kd5 62. Rxf6 Rxg4 63. Rxh6 Rg3+ 64. Ke2 e4 65. Rg6 Rf3
66. Rg5 Ke5 1/2-1/2

[Event "41 Indiv. Ch. Greece-Men U20 "]
[Site "?"]
[Date "2009.01.05"]
[Round "5.4"]
[White "Tzouganakis, Panteleimon"]
[Black "Ketzetzis, Georgios"]
[Result "0-1"]
[WhiteElo "2023"]
[BlackElo "2243"]
[PlyCount "72"]
[EventDate "2009.01.02"]

1. e4 c6 2. d4 d5 3. f3 Qb6 4. Nc3 dxe4 5. fxe4 e5 6. Nf3 exd4 7. Nxd4 Nf6 8.
Be2 Nbd7 9. Nb3 Bb4 10. Bf3 O-O 11. Qe2 Re8 12. Bd2 a5 13. a3 Bd6 14. O-O-O Qc7
15. Nd4 Be5 16. Be3 b5 17. Nb1 Nb6 18. Nd2 b4 19. a4 Ba6 20. Qf2 Nxa4 21. b3
Nc3 22. Nb1 Nxd1 23. Rxd1 c5 24. Nf5 Rac8 25. c4 bxc3 26. Qh4 c2 27. Kxc2 c4
28. b4 axb4 29. Qg5 g6 30. Bd4 b3+ 31. Kb2 c3+ 32. Nxc3 Bxd4 33. Nxd4 Qxc3+ 34.
Kb1 Bd3+ 35. Rxd3 Qxd3+ 36. Kb2 Qxd4+ 0-1

[Event "41 Indiv. Ch. Greece-Men U20 "]
[Site "?"]
[Date "2009.01.05"]
[Round "5.5"]
[White "Pavlidis, Anastasios"]
[Black "Malamatas, Konstantinos"]
[Result "1-0"]
[WhiteElo "2371"]
[BlackElo "1968"]
[PlyCount "81"]
[EventDate "2009.01.02"]

1. d4 Nf6 2. c4 c5 3. d5 b5 4. cxb5 a6 5. bxa6 d6 6. Nc3 Bxa6 7. g3 g6 8. Bg2
Bg7 9. Nf3 Nbd7 10. Rb1 O-O 11. O-O Nb6 12. b3 Ra7 13. a4 Qa8 14. Ng5 Rb8 15.
Re1 h6 16. Nh3 Rab7 17. Qc2 Nbd7 18. Ba3 Qa7 19. Bf1 Ne5 20. Kg2 g5 21. f3 Rb6
22. e4 g4 23. Ng1 gxf3+ 24. Nxf3 Nfg4 25. Bc1 Nxf3 26. Kxf3 Bxc3 27. Qxc3 Bxf1
28. Kxg4 Qd7+ 29. Kf3 Qh3 30. Bxh6 Bg2+ 31. Kf2 f6 32. Kg1 Rb4 33. Qc2 Bf3 34.
Re3 Bg4 35. Bf4 Kf7 36. Rf1 c4 37. e5 cxb3 38. Qb2 Rxa4 39. exf6 Ra2 40. Rxe7+
Kf8 41. Bxd6 1-0

[Event "41 Indiv. Ch. Greece-Men U20 "]
[Site "?"]
[Date "2009.01.05"]
[Round "5.6"]
[White "Xylogiannopoulos, Antonios"]
[Black "Papadimitriou, Athanasios"]
[Result "1/2-1/2"]
[WhiteElo "1964"]
[BlackElo "2046"]
[PlyCount "100"]
[EventDate "2009.01.02"]

1. e4 c6 2. d4 d5 3. e5 g6 4. Nc3 Nh6 5. f4 Nf5 6. Nf3 h5 7. Bd3 b6 8. Qe2 e6
9. b3 Be7 10. Nb1 c5 11. Bb2 Nc6 12. c3 Bh4+ 13. Kf1 Be7 14. Nbd2 Bb7 15. Rc1
Rc8 16. a3 Na5 17. b4 cxb4 18. cxb4 Nc4 19. Nxc4 dxc4 20. Bxc4 Rxc4 21. Rxc4
Ba6 22. Kf2 O-O 23. Qc2 Bxc4 24. Qxc4 Qa8 25. Qd3 Rc8 26. Rc1 Rxc1 27. Bxc1 Qd5
28. g3 b5 29. Bd2 a6 30. Be3 Qa2+ 31. Nd2 Bd8 32. Qb3 Qa1 33. d5 Nxe3 34. Qxe3
exd5 35. e6 Qf6 36. exf7+ Kxf7 37. Qd3 Bb6+ 38. Kg2 Qd4 39. Qxd4 Bxd4 40. Nb3
Bb6 41. Kf3 Kf6 42. h3 Bc7 43. g4 g5 44. fxg5+ Kxg5 45. gxh5 Kxh5 46. Ke3 Be5
47. Nc5 Kh4 48. Nxa6 Kxh3 49. Nc5 Bc3 50. Ne6 Bb2 1/2-1/2

[Event "41 Indiv. Ch. Greece-Men U20 "]
[Site "?"]
[Date "2009.01.05"]
[Round "5.7"]
[White "Stathopoulos, Ioannis"]
[Black "Tsiropoulas, Apostolos"]
[Result "1-0"]
[WhiteElo "1799"]
[BlackElo "1994"]
[PlyCount "63"]
[EventDate "2009.01.02"]

1. c4 Nf6 2. g3 g6 3. Bg2 Bg7 4. Nc3 O-O 5. Nf3 d6 6. O-O e5 7. d3 Nc6 8. Rb1
h6 9. b4 a6 10. a4 Be6 11. Ba3 Qd7 12. Re1 Bh3 13. Bh1 Nh5 14. e3 Bg4 15. Qc2
f5 16. b5 axb5 17. cxb5 Ne7 18. Nd2 Rab8 19. a5 f4 20. b6 c5 21. Nb5 fxg3 22.
fxg3 Bh3 23. Ne4 Nc8 24. Nexd6 Nxd6 25. Nxd6 Qxd6 26. Bxc5 Qf6 27. Bxf8 Rxf8
28. Bxb7 e4 29. Bxe4 Qg5 30. d4 Nxg3 31. hxg3 Qxg3+ 32. Bg2 1-0

[Event "41 Indiv. Ch. Greece-Men U20 "]
[Site "?"]
[Date "2009.01.05"]
[Round "5.8"]
[White "Panagiotakos, Nikolaos"]
[Black "Kafetzis, Georgios"]
[Result "1-0"]
[WhiteElo "2145"]
[BlackElo "1866"]
[PlyCount "93"]
[EventDate "2009.01.02"]

1. e4 c5 2. c3 Nf6 3. e5 Nd5 4. d4 e6 5. Nf3 cxd4 6. cxd4 d6 7. Bc4 Nb6 8. Bd3
Bd7 9. Nc3 Bc6 10. O-O N8d7 11. Ne4 dxe5 12. dxe5 Nc5 13. Nxc5 Bxc5 14. Qe2 Qc7
15. Be3 Bxe3 16. fxe3 Bxf3 17. Qxf3 O-O 18. Qe4 g6 19. Rac1 Qe7 20. h4 Rfd8 21.
h5 Qg5 22. Rc7 Nd7 23. hxg6 hxg6 24. Qf4 Qxf4 25. exf4 Rac8 26. Rxc8 Rxc8 27.
Be4 b6 28. Rd1 Nc5 29. Bf3 Kf8 30. b4 Na4 31. Rd7 Rc4 32. Rxa7 Rxb4 33. Ra8+
Kg7 34. g3 Rb1+ 35. Kf2 Rb2+ 36. Ke3 Rxa2 37. Bc6 Nc3 38. Rb8 Rb2 39. Rb7 Kf8
40. Kf3 Rb3 41. Kg4 Ne2 42. Kg5 Nxg3 43. f5 gxf5 44. Kh6 f6 45. Kg6 fxe5 46.
Rf7+ Kg8 47. Re7 1-0

[Event "41 Indiv. Ch. Greece-Men U20 "]
[Site "?"]
[Date "2009.01.05"]
[Round "5.9"]
[White "Papadopoulos, Nikolaos"]
[Black "Drakakis, Georgios"]
[Result "1/2-1/2"]
[WhiteElo "2129"]
[BlackElo "1754"]
[PlyCount "127"]
[EventDate "2009.01.02"]

1. d4 Nf6 2. Nf3 g6 3. c4 Bg7 4. g3 O-O 5. Bg2 d6 6. O-O c5 7. Nc3 cxd4 8. Nxd4
Qc7 9. Nd5 Nxd5 10. cxd5 Nd7 11. Be3 Nb6 12. Rc1 Qd8 13. Qd2 Bg4 14. h3 Bd7 15.
b3 e5 16. dxe6 fxe6 17. Bg5 Bf6 18. Bxf6 Qxf6 19. e4 e5 20. Nc2 Rad8 21. Nb4
Kh8 22. Qe3 Rc8 23. Rfd1 Rxc1 24. Rxc1 Rc8 25. Rd1 Rd8 26. a4 Be6 27. a5 Nc8
28. Rc1 Qf7 29. Rc3 Qd7 30. Nd5 Bxd5 31. exd5 b6 32. Qc1 Qe8 33. Rc7 Qf8 34.
Be4 Re8 35. a6 Kg8 36. h4 Ne7 37. h5 Rc8 38. hxg6 hxg6 39. b4 Qd8 40. Rxc8 Qxc8
41. Qa3 Kg7 42. Qa4 Qd8 43. Qb5 Qc8 44. Kg2 Kf7 45. Qd3 Kg7 46. Kf3 Qf8+ 47.
Ke3 Qc8 48. Kd2 Qc7 49. Qb5 Qc8 50. Bc2 Kf7 51. Qe2 Kg7 52. f4 Nxd5 53. Qd3 Qe6
54. Bb3 Nxb4 55. Bxe6 Nxd3 56. Kxd3 exf4 57. gxf4 Kf6 58. Bd7 g5 59. f5 b5 60.
Ke4 b4 61. Kd4 g4 62. Kc4 d5+ 63. Kd3 b3 64. Ba4 1/2-1/2

[Event "41 Indiv. Ch. Greece-Men U20 "]
[Site "?"]
[Date "2009.01.05"]
[Round "5.10"]
[White "Papadopoulos, Georgios"]
[Black "Lakafosis, Ioannis"]
[Result "1/2-1/2"]
[WhiteElo "1664"]
[BlackElo "1930"]
[PlyCount "69"]
[EventDate "2009.01.02"]

1. e4 Nf6 2. Nc3 e5 3. f4 d5 4. fxe5 Nxe4 5. Nf3 Be7 6. d4 O-O 7. Bd3 f5 8.
exf6 Bxf6 9. O-O Bf5 10. Qe2 Nc6 11. Be3 Qd7 12. Nxd5 Rae8 13. Nxf6+ Nxf6 14.
Bxf5 Qxf5 15. Qc4+ Kh8 16. Ne5 Nxe5 17. dxe5 Qxe5 18. Bf4 Qe2 19. Qxc7 Rc8 20.
Qxb7 Rxc2 21. b3 Ne4 22. Bd2 Rg8 23. Rae1 Qxd2 24. Qxe4 Rxa2 25. Qf3 h6 26. Re7
Rd8 27. Rf7 Qd4+ 28. Kh1 Qd3 29. Rf8+ Kh7 30. Rxd8 Qxd8 31. Qf5+ Kh8 32. Qc5
Qd3 33. Rc1 Rd2 34. Qh5 Qe4 35. Qh3 1/2-1/2

[Event "41 Indiv. Ch. Greece-Men U20 "]
[Site "?"]
[Date "2009.01.04"]
[Round "4.1"]
[White "Stavrianakis, Ioannis"]
[Black "Kanakaris, Georgios"]
[Result "0-1"]
[WhiteElo "2214"]
[BlackElo "2359"]
[PlyCount "102"]
[EventDate "2009.01.02"]

1. d4 Nf6 2. Bg5 e6 3. c4 Bb4+ 4. Nd2 c5 5. a3 Bxd2+ 6. Qxd2 cxd4 7. Qxd4 Nc6
8. Qc3 h6 9. Bxf6 Qxf6 10. Qxf6 gxf6 11. g3 b6 12. Bg2 Bb7 13. Nh3 Rc8 14. b3
Rc7 15. Rd1 Ke7 16. Nf4 Na5 17. Bxb7 Rxb7 18. Rd3 b5 19. cxb5 Rxb5 20. b4 Rc8
21. O-O Nc6 22. Rc3 Ra8 23. e3 Ne5 24. Kg2 a5 25. bxa5 Rbxa5 26. Ra1 Ra4 27.
Ne2 Nc4 28. Nd4 d5 29. Nc2 Rd8 30. Rd1 f5 31. Rd4 Kf6 32. g4 fxg4 33. Rxg4 h5
34. Rf4+ Ke7 35. Rd4 f5 36. Kh3 Kf6 37. Rh4 Rh8 38. f3 Ra7 39. e4 Ne5 40. exd5
exd5 41. Rb4 Re8 42. Rd4 Ng6 43. Kg3 Re2 44. Rc6+ Kg7 45. f4 h4+ 46. Kf3 Rxh2
47. a4 Re7 48. Rxd5 Rh3+ 49. Kf2 Nxf4 50. Rxf5 Re2+ 51. Kg1 Rg2+ 0-1